| 000 | 01034nam a2200241Ia 4500 | ||
|---|---|---|---|
| 001 | 7098 | ||
| 003 | GE_BSU | ||
| 008 | 181216s||||||||xx |||||||||||||| ||und|| | ||
| 020 | _a9789941152825. | ||
| 040 | _cGE_BSU | ||
| 080 | _a82-93 | ||
| 100 | _aჰენრი,ო. | ||
| 245 | _aმოთხრობები. | ||
| 245 | _cმთარგმნ.პორფილე იაშვილი;ნელი ლარიონი და სხვ.რედ:რუსუდან გიორგაძე;დიზიან:ია მახათაძე;ყდის ილ.ნათია კვირცხალია. | ||
| 250 | _a(მსოფლიო ლიტერატურის შედევრები მოზარდებისათვის,20) | ||
| 260 | _aთბილისი. | ||
| 260 | _bბაკურ სულაკაურის გამ-ბა. | ||
| 260 | _c2010. | ||
| 300 | _a207გვ;19სმ. | ||
| 541 | _h10ლ. | ||
| 653 | _aმოთხრობები. | ||
| 942 | _cBK | ||
| 999 |
_c40487 _d40487 |
||